Principles of hospitality law
Salvato in:
| Autore principale: | |
|---|---|
| Altri autori: | |
| Natura: | Libro |
| Lingua: | inglese |
| Pubblicazione: |
London
Continuum
2003
|
| Edizione: | 2. ed. |
| Soggetti: | |
| Tags: |
Nessun Tag, puoi essere il primo ad aggiungerne!!
|
MARC
| LEADER | 00000nam$a2200000$$$4500 | ||
|---|---|---|---|
| 001 | 0066642 | ||
| 005 | 20240311125629.4 | ||
| 020 | |a 0-8264-5273-6 | ||
| 041 | 0 | |a eng | |
| 044 | |a GB | ||
| 245 | 1 | 0 | |a Principles of hospitality law |c Michael Boella, Alan Pannett |
| 250 | |a 2. ed. | ||
| 264 | 1 | |a London |b Continuum |c 2003 | |
| 300 | |a 401 s. | ||
| 610 | 2 | 0 | |a pohostinstvo |
| 610 | 2 | 0 | |a zákony |
| 610 | 2 | 0 | |a legislatíva |
| 610 | 2 | 0 | |a podnikanie |
| 610 | 2 | 0 | |a podnik obchodný |
| 610 | 2 | 0 | |a hotelierstvo |
| 610 | 2 | 0 | |a zákazníci |
| 610 | 2 | 0 | |a reštaurácie |
| 610 | 2 | 0 | |a licencie |
| 610 | 2 | 0 | |a zamestnanci |
| 610 | 2 | 0 | |a zamestnávatelia |
| 610 | 2 | 0 | |a podmienky pracovné |
| 610 | 2 | 0 | |a odbory |
| 610 | 2 | 0 | |a porovnanie medzinárodné |
| 610 | 2 | 0 | |a štúdie prípadové |
| 100 | 1 | |a Boella, Michael J. | |
| 700 | 1 | |a Pannett, Alan | |